| 000 | 01609nam a2200409 c 4500 | ||
|---|---|---|---|
| 003 | BLK | ||
| 005 | 20250527105631.0 | ||
| 008 | 180408b bul|||||r ||||||| ||bul|| | ||
| 010 | _aKNG00085983000 | ||
| 020 |
_a978-954-426-213-6 _bиздат.: Анубис |
||
| 040 | _aBLK | ||
| 041 |
_aBUL _cBUL |
||
| 080 |
_aЛитература _b82 _x-4.01(07) _z82-4.01(07) |
||
| 080 |
_aБългарска литература _b821.163.2 _x-4.09(07) _z821.163.2-4.09(07) |
||
| 080 |
_aБългарска литература _b821.163.2 _x-4(082)(07) _z821.163.2-4(082)(07) |
||
| 100 | 1 |
_aМатеева, Невена Димитрова _eпърви автор _9371194 |
|
| 139 |
_aМатеева, Невена Димитрова _bМ 39 |
||
| 245 | 1 | 0 |
_aДа се учим да пишем есе _cНевена Димитрова Матеева. |
| 250 | _a2. изд. | ||
| 257 | _aBGR | ||
| 260 |
_аСофия _bАнубис _c2008 _fСофия : Вулкан |
||
| 300 |
_a104 с. _c21 см |
||
| 380 | _a82 | ||
| 500 | _a1. изд. 1999. - Офс. изд. - Съдържа и Цитираната литература. - Доп. тир. 2009 | ||
| 590 | _aф | ||
| 650 | 4 |
_aЕсе - методика на писане _9269182 |
|
| 650 | 4 |
_aЕсе - учебни помагала _9292599 |
|
| 653 | _aесета | ||
| 653 | _aметодики | ||
| 653 | _aучебни помагала | ||
| 852 | _aЦб 241590 | ||
| 856 | 4 |
_qpdf _u |
|
| 856 | 4 |
_qpdf _u |
|
| 942 |
_cKNG _n0 _01 |
||
| 944 |
_aCR _c22.10.2008 _lЦветомила Тодорова _k30576 |
||
| 944 |
_aED _c21.12.2011 _lф / _k |
||
| 999 |
_c81479 _d81479 |
||